00238nam a2200097Ia 4500001000800000005001700008008004100025020001800066245003700084260001900121127223320260417151424.0260417s9999 xx 000 0 und d a9786256910201 0aGraham bellcTuğba Hatun Murat bKetebe Çocuk